000 00903nam a2200241 a 4500
001 000022350
005 20240412074250.0
008 091104t2005 dr 001 j spa d
020 _z9993432990
040 _aDO-SdBNP
_bspa
_cBNPHU
082 _aRD863.44
_bC527s
100 1 _aChevalier, Nan,
_d1965-
_9350
245 1 3 _aLa segunda señal /
_cNan Chevalier.
260 _aSanto Domingo :
_bLa Escalera,
_c2005.
300 _a105 p. ;
_c21 cm.
500 _aIncluye datos biográficos del autor en la solapa.
505 0 _tUn cigarrillo más --
_tLa segunda señal --
_tUn antiguo proyecto de hombre --
_tDestrucción del ángel --
_tEl círculo --
_tEl universo narrativo de Nan Chevalier /
_rEulogio Javier.
650 0 _aCuentos dominicanos
_9176
650 0 _aLiteratura dominicana.
_967
700 1 _aJavier, Eulogio,
_d1963-
_911783
910 _aValidado. Control de calidad EMS.
049 _aBNPD
999 _c21848
_d21848